[Event "36th Mitropa Cup Open 2018"]
[Site "Isola Capo Rizzuto"]
[Date "2018.06.09"]
[Round "9"]
[White "Drnovsek, Gal"]
[Black "Nayhebaver, Martin"]
[Result "1-0"]
[WhiteElo "2404"]
[BlackElo "2478"]
[Annotator "TA"]
[PlyCount "87"]
[EventDate "2018.05.31"]
[EventType "team-tourn"]
[EventCountry "ITA"]
[SourceTitle "playchess.com"]
[Source "ChessBase"]
[SourceQuality "1"]
[WhiteTeam "Slovenia"]
[BlackTeam "Slovakia"]
[WhiteTeamCountry "SLO"]
[BlackTeamCountry "SVK"]

{[%evp 15,87,7,31,34,39,33,71,59,56,58,45,45,77,86,85,80,93,97,87,97,190,193,410,408,475,479,459,475,470,470,462,471,450,301,279,252,261,259,244,267,268,288,420,417,543,442,418,456,464,468,465,413,370,262,612,605,605,598,591,591,662,662,906,941,2877,2126,1756,926,905,896,896,652,652,652]} 1. d4 Nf6 2. c4 e6 3. Nc3 Bb4 4. Qc2 O-O 5. Nf3 c5 6. dxc5 Na6 7. g3 Nxc5 8. Bg2 Nfe4 {LiveBook: 15 Games. E39: Nimzo-Indian: Classical: 4...c5 5 dxc5 0-0} 9. Bd2 Nxd2 10. Nxd2 Na6 $146 {White is slightly better.} ({Predecessor:} 10... d6 11. O-O Bd7 12. Nde4 Bxc3 13. Nxc3 Qb6 14. Rad1 h6 15. Rd2 Rfd8 16. Rfd1 {½-½ (26) Tkachiev,V (2639)-Bacrot,E (2720) Belfort 2010}) 11. O-O Be7 12. a3 d6 13. Rfd1 Qb6 14. b4 Bd7 15. c5 dxc5 16. Nc4 $36 {[%mdl 2048] White is really pushing.} Qc7 17. b5 {[%mdl 1024] White has strong compensation.} Nb8 (17... Nb4 $16 18. Qb2 (18. axb4 cxb4 19. Ne4 Bxb5 $11) 18... Nd5) 18. Qe4 a6 $2 {[#]} (18... Bf6 {is a better defense.}) 19. b6 $1 $18 {[%cal Rb6c7]} Qc6 20. Qb1 Qc8 {[#]} 21. Bxb7 $1 {[%mdl 512]} Qxb7 22. Na5 Ra7 {If Black can now play ...Qa8 this consolidates a bit.} 23. Nxb7 Rxb7 24. Ra2 Bc6 25. a4 a5 26. Rb2 Bf6 27. Qc2 Na6 28. Rd6 Rc8 (28... Nb4 {was worth a try.}) 29. Rb5 Nb4 30. Qd1 Bxb5 31. axb5 ({Not} 31. Nxb5 c4 $16) 31... c4 32. Ne4 Rbb8 {With the idea ...c3.} 33. Rd7 c3 34. b7 c2 $2 (34... Rxb7 35. Rxb7 c2) 35. bxc8=Q+ {White is clearly winning.} Rxc8 36. Nxf6+ gxf6 37. Qc1 {Black must now prevent b6.} Kg7 {Hoping for ...Na2.} 38. Rd2 a4 {Black hopes to continue with ...a3.} 39. b6 {[%cal Bb5b6,Bb6b7][%mdl 32]} a3 40. b7 Rb8 41. Qxa3 Rxb7 42. Qc3 Rb6 43. Rxc2 Nxc2 44. Qxc2 {Precision: White = 85%, Black = 51%.} 1-0

[Event "36th Mitropa Cup Open 2018"]
[Site "Isola Capo Rizzuto"]
[Date "2018.06.09"]
[Round "9"]
[White "Jablonicky, Martin"]
[Black "Janzelj, Tim"]
[Result "0-1"]
[WhiteElo "2356"]
[BlackElo "2410"]
[Annotator "TA"]
[PlyCount "72"]
[EventDate "2018.05.31"]
[EventType "team-tourn"]
[EventCountry "ITA"]
[SourceTitle "playchess.com"]
[Source "ChessBase"]
[SourceQuality "1"]
[WhiteTeam "Slovakia"]
[BlackTeam "Slovenia"]
[WhiteTeamCountry "SVK"]
[BlackTeamCountry "SLO"]

{[%evp 11,72,24,33,15,31,40,22,11,20,20,32,44,31,19,43,38,49,39,55,45,62,42,110,97,161,168,246,35,34,22,23,12,5,0,0,0,0,0,0,0,0,0,0,0,0,0,14,-81,-81,-81,-81,-81,-81,-101,-89,-103,-77,-103,-103,-100,-100,-523,-520]} 1. e4 c5 2. Nf3 d6 3. Bb5+ Bd7 4. Bxd7+ Nxd7 5. O-O Ngf6 6. Re1 Qc7 7. c4 {B52: Sicilian: Moscow Variation with 3...Bd7} (7. c3 c4 8. b3 d5 9. exd5 Nxd5 10. Na3 N5b6 11. Qe2 Rc8 12. Nb5 Qb8 13. bxc4 Nxc4 14. d3 a6 {1-0 (23) Kasparov,S (2484)-Costin,P (2272) Arad 2013}) 7... g6 8. b3 $146 ({Predecessor:} 8. Nc3 Bg7 9. b3 Ng4 10. d4 cxd4 11. Nxd4 Qb6 12. Qxg4 Bxd4 13. Be3 Bxe3 14. Rxe3 Nf6 {1-0 (27) Lupulescu,C (2345)-Dumitru,V (2160) Sovata 2001}) 8... Bg7 9. d4 {The position is equal.} cxd4 10. Nxd4 O-O 11. Nc3 a6 12. Bb2 Rfd8 13. Nd5 Nxd5 14. exd5 Re8 15. Qd2 Rac8 16. Re2 Qc5 (16... b5 $14) 17. Rae1 $16 b5 (17... Be5 $16) 18. Nc6 $1 $18 ({Don't play} 18. Rxe7 $6 Rxe7 19. Rxe7 Ne5 $14) 18... e5 {[#]} (18... Bxb2 $142 19. Nxe7+ (19. Qxb2 e5 $16) 19... Rxe7 $1 {[%mdl 512]} 20. Rxe7 bxc4) 19. dxe6 $2 (19. Bd4 $1 $18 {[%mdl 512]} Qa3 (19... exd4 20. Rxe8+) 20. Bc3) 19... Qxc6 $14 20. exd7 Qxd7 21. Rxe8+ Rxe8 22. Rxe8+ Qxe8 23. Bxg7 Kxg7 24. cxb5 axb5 $18 {[%mdl 4096] Endgame KQ-KQ} 25. Qd4+ Kg8 {[%cal Re8e1]} 26. h3 (26. g4 {is interesting.} Qc6 27. Qb4 Qc1+ 28. Kg2 Qc6+ 29. Kg3) 26... Qc6 27. a4 bxa4 28. bxa4 {Strongly threatening a5.} d5 29. a5 (29. g4 $11) 29... Qc1+ $17 30. Kh2 {Qb6 is the strong threat.} Qc7+ 31. g3 Qxa5 32. Kg2 h5 33. Kf3 Qa3+ 34. Kf4 Qd6+ 35. Ke3 Qe6+ 36. Kd3 $2 {[%mdl 8192]} (36. Kf4 $17 {is tougher.}) 36... Qxh3 {Precision: White = 45%, Black = 51%.} 0-1

[Event "36th Mitropa Cup Open 2018"]
[Site "Isola Capo Rizzuto"]
[Date "2018.06.09"]
[Round "9"]
[White "Dobrovoljc, Vid"]
[Black "Haring, Filip"]
[Result "1/2-1/2"]
[WhiteElo "2310"]
[BlackElo "2344"]
[Annotator "NA"]
[PlyCount "150"]
[EventDate "2018.05.31"]
[EventType "team-tourn"]
[EventCountry "ITA"]
[SourceTitle "playchess.com"]
[Source "ChessBase"]
[SourceQuality "1"]
[WhiteTeam "Slovenia"]
[BlackTeam "Slovakia"]
[WhiteTeamCountry "SLO"]
[BlackTeamCountry "SVK"]
[TimeControl "40/5400+30:1800+30"]

1. Nf3 d5 {[%emt 0:00:24]} 2. g3 {[%emt 0:00:43]} c6 {[%emt 0:00:47]} 3. Bg2 {[%emt 0:00:08]} Bg4 {[%emt 0:01:11]} 4. O-O {[%emt 0:00:13]} Nd7 {[%emt 0:02:28]} 5. d4 {[%emt 0:00:14]} e6 {[%emt 0:02:35]} 6. h3 {[%emt 0:01:27] A07: Réti Opening: New York and Capablanca Systems} Bh5 {[%emt 0:01:03]} 7. c4 {[%emt 0:03:52]} Ngf6 {[%emt 0:00:21]} 8. cxd5 {[%emt 0:00:34]} exd5 {[%emt 0:00:08]} 9. Qb3 {[%emt 0:00:51]} (9. Ne5 Ne4 10. Nd2 Nxd2 11. Bxd2 Nxe5 12. dxe5 Bc5 13. Kh2 O-O {½-½ (32) Svidler,P (2768)-Karjakin,S (2753) Wijk aan Zee 2018}) 9... Qb6 {[%emt 0:00:12]} 10. Qe3+ {[%emt 0:09:08]} Be7 {[%emt 0:01:52]} 11. Nh4 {[%emt 0:00:09]} Bg6 $146 {[%emt 0:00:06]} ({Predecessor:} 11... Kf8 12. Nc3 {1-0 (58) Sethuraman,S (2618)-Raghunandan,K (2398) Abu Dhabi 2017}) 12. Nc3 {[%emt 0:01:58]} Kf8 {[%emt 0:03:01]} 13. Nxg6+ {[%emt 0:10:19]} hxg6 {[%emt 0:16:30]} 14. Qd3 {[%emt 0:00:26]} Re8 {[%emt 0:00:27]} 15. Bd2 {[%emt 0:04:53]} Kg8 {[%emt 0:14:36]} 16. Rae1 {[%emt 0:03:04]} Kh7 {[%emt 0:06:58]} 17. Bf3 {[%emt 0:04:00]} Bd6 {[%emt 0:07:54]} 18. Kg2 {[%emt 0:13:38]} Qxb2 {[%emt 0:03:45]} 19. Rb1 {[%emt 0:02:21]} Qa3 {[%emt 0:03:43]} 20. Rxb7 {[%emt 0:00:10]} Rb8 {[%emt 0:02:45]} 21. Rxb8 {[%emt 0:01:19]} Rxb8 {[%emt 0:01:54]} 22. h4 {[%emt 0:00:18]} Kg8 {[%emt 0:00:54]} 23. Rh1 {[%emt 0:04:25]} Bb4 {[%emt 0:04:58]} 24. Qc2 {[%emt 0:04:26]} Nb6 $14 {[%emt 0:08:03]} 25. Bf4 {[%emt 0:04:34]} Re8 {[%emt 0:09:26]} 26. Nb1 {[%emt 0:02:48]} Qa6 {[%emt 0:00:42]} 27. e3 {[%emt 0:03:13]} Qc4 {[%emt 0:04:42]} 28. Rc1 {[%emt 0:02:08]} Qxc2 {[%emt 0:00:30]} 29. Rxc2 {[%emt 0:05:33]} Re6 {[%emt 0:00:06]} 30. Be2 {[%emt 0:00:07]} Ne4 {[%emt 0:01:54]} 31. Ba6 {[%emt 0:01:40]} Kf8 {[%emt 0:00:34]} 32. Bb8 {[%emt 0:03:31]} Na4 {[%emt 0:01:08]} 33. a3 {[%emt 0:10:33]} Bd6 {[%emt 0:00:50]} 34. Bxa7 {[%emt 0:01:03]} Re7 {[%emt 0:00:10]} 35. Rxc6 {[%emt 0:00:19]} Rxa7 {[%emt 0:00:45]} 36. f3 {[%emt 0:00:34]} Nxg3 {[%emt 0:00:16]} 37. Rxd6 {[%emt 0:02:07]} Nf5 {[%emt 0:00:15]} 38. Rc6 {[%emt 0:00:10]} Nxe3+ {[%emt 0:00:05]} 39. Kf2 {[%emt 0:01:26]} Nf5 {[%emt 0:00:07]} 40. Bb5 {[%emt 0:00:28]} Nxd4 {[%emt 0:30:50]} 41. Bxa4 {[%emt 0:31:04]} Rxa4 {[%emt 0:00:08]} 42. Rc5 {[%emt 0:00:00]} Nf5 {[%emt 0:00:00]} 43. Rxd5 {[%emt 0:00:00]} Rxh4 {[%emt 0:00:00]} 44. Nc3 {[%emt 0:00:00]} Rh2+ {[%emt 0:00:00]} 45. Kg1 {[%emt 0:00:00]} Rc2 {[%emt 0:00:00]} 46. Rc5 {[%emt 0:00:00]} Nd4 {[%emt 0:00:00]} 47. Kf1 {[%emt 0:00:00]} Ke7 {[%emt 0:00:00]} 48. a4 {[%emt 0:00:00]} Ke6 {[%emt 0:00:00]} 49. f4 {[%emt 0:00:00]} f6 {[%emt 0:00:00]} 50. Ne4 {[%emt 0:00:00]} Ra2 {[%emt 0:00:00]} 51. Nc3 {[%emt 0:00:00]} Rc2 {[%emt 0:00:00]} 52. Ne4 {[%emt 0:00:00]} Rxc5 {[%emt 0:00:00]} 53. Nxc5+ {[%emt 0:00:00]} Kf5 {[%emt 0:00:00]} 54. a5 {[%emt 0:00:00]} Kxf4 {[%emt 0:00:00]} 55. a6 {[%emt 0:00:02]} Nb5 {[%emt 0:00:00]} 56. Ne6+ {[%emt 0:00:33]} Ke5 {[%emt 0:00:00]} 57. Nf8 {[%emt 0:00:24]} g5 {[%emt 0:00:00]} 58. Kf2 {[%emt 0:00:27]} Kd6 {[%emt 0:00:00]} 59. Kf3 {[%emt 0:02:01]} Nd4+ {[%emt 0:00:00]} 60. Ke4 {[%emt 0:03:18]} Nc6 {[%emt 0:00:00]} 61. Kf5 {[%emt 0:00:14]} Ke7 {[%emt 0:00:00]} 62. Ng6+ {[%emt 0:01:10]} Kf7 {[%emt 0:00:00]} 63. Nh8+ {[%emt 0:00:30]} Ke8 {[%emt 0:00:00]} 64. Ng6 {[%emt 0:01:43]} Kd7 {[%emt 0:00:00]} 65. Nf8+ {[%emt 0:00:33]} Kd6 {[%emt 0:00:00]} 66. Ne6 {[%emt 0:00:42]} g4 {[%emt 0:00:00]} 67. Nf4 {[%emt 0:00:57]} g5 {[%emt 0:00:00]} 68. Nh5 {[%emt 0:00:55]} Ke7 {[%emt 0:00:00]} 69. Nxf6 {[%emt 0:00:32]} g3 {[%emt 0:00:00]} 70. Nd5+ {[%emt 0:00:23]} Kd6 {[%emt 0:00:00]} 71. Ne3 {[%emt 0:00:22]} Nd4+ {[%emt 0:00:00]} 72. Kxg5 {[%emt 0:00:45]} Kc6 {[%emt 0:00:00]} 73. Kg4 {[%emt 0:00:29]} Kb6 {[%emt 0:00:00]} 74. Kxg3 {[%emt 0:00:04]} Nf5+ {[%emt 0:00:00]} 75. Nxf5 {[%emt 0:00:04]} Kxa6 {[%emt 0:00:00]} 1/2-1/2